Thơ tình

Đã lưu trong:
Sonraí Bibleagrafaíochta
Príomhúdar: XUÂN QUỲNH
Formáid: Leabhar
Teanga:Undetermined
Foilsithe: H. Văn Học 2002
Ábhair:
Clibeanna: Cuir Clib Leis
Gan Chlibeanna, Bí ar an gcéad duine leis an taifead seo a chlibeáil!
Thư viện lưu trữ: Trung tâm Học liệu Trường Đại học Cần Thơ
LEADER 00438nam a2200169Ia 4500
001 CTU_50182
008 210402s9999 xx 000 0 und d
082 |a 895.9221 
082 |b X502 
100 |a XUÂN QUỲNH 
245 0 |a Thơ tình 
245 0 |c XUÂN QUỲNH 
260 |a H. 
260 |b Văn Học 
260 |c 2002 
650 |a vietnamese poetry - 20th century 
980 |a Trung tâm Học liệu Trường Đại học Cần Thơ